| 000 | 00506nam a2200193Ia 4500 | ||
|---|---|---|---|
| 999 |
_c31250 _d31250 |
||
| 001 | 31128 | ||
| 003 | PK-LaUMT | ||
| 005 | 20220902153930.0 | ||
| 008 | 140416s9999 xx 000 0 und d | ||
| 020 | _a0-8213-4854-X | ||
| 040 | _cPK-LaUMT | ||
| 082 |
_aW 025.4028 _bWOR- |
||
| 110 | _aWorld Bank | ||
| 245 | 4 |
_aThe World Bank research program _babstracts of current studies _cWorld Bank |
|
| 260 |
_aWashington,USA: _bWorld Bank, _c2000 |
||
| 300 | _a185 p. | ||
| 546 | _aEN | ||
| 942 |
_cWEEDED OUT _2ddc |
||